| 000 | 006430000a22002170004500 | ||
|---|---|---|---|
| 090 |
_aAR _b01266 |
||
| 245 | 1 | 0 | _aCladistical analysis female reproductive histomorphology in phyllostomatoid bats |
| 650 | 1 | 4 |
_aCladística _912117 |
| 650 | 1 | 4 |
_aEvolución _992797 |
| 650 | 1 | 4 |
_aAnatomía animal _993635 |
| 650 | 1 | 4 |
_aHistomorfología _994551 |
| 650 | 1 | 4 |
_aMurciélagos _92659 |
| 653 | _fNoctilionidae | ||
| 653 | _fMormoopidae | ||
| 653 | _fPhyllostomatidae | ||
| 041 | 0 | _aInglés | |
| 700 | 1 |
_aSmith, James Dale _994552 |
|
| 100 | 1 |
_aHood, Graig S. _994553 |
|
| 942 | _cARTICULO | ||
| 773 | 1 |
_tSystematic Zoology _3466 _h3 _q241-251 _d1982 _g31 |
|
| 999 |
_c10351 _d10351 |
||